Description de l'Égypte, ou, Recueil de observations et des recherches qui ont été faites en Égypte pendant l'éxpédition de l'armée française,

Saved in:

Corporate Author: France. Commission des sciences et arts d'Egypte.

Format: Book

Language: French

Published: Paris, Imprimerie impériale, 1809-22.

Subjects:

Tags: Add Tag

No Tags, Be the first to tag this record!

Call Number: ( R )DT46 .F8 1809-22

LEADER 04872cam a22005411 4500
001 5861627
003 OSt
005 20201017123342.0
008 770224m18091828fr 000 0 fred
952 |0 0  |1 0  |2 lcc  |3 V.1 (Ant.Memories)  |4 0  |7 1  |9 6826  |a ARCE  |b ARCE  |d 2020-10-17  |l 0  |o ( R )DT46 .F8 1809  |p 1033639  |r 2020-10-17 00:00:00  |w 2020-10-17  |y BK 
952 |0 0  |1 0  |2 lcc  |3 V.2 (Etat Moderne,Text)  |4 0  |7 1  |9 65982  |a ARCE  |b ARCE  |d 2024-05-29  |l 0  |o ( R )DT46 .F8 1813  |p 1033640  |r 2024-05-29 00:00:00  |w 2024-05-29  |y BK 
952 |0 0  |1 0  |2 lcc  |3 V.2 (Ant.Memories)  |4 0  |7 1  |9 65983  |a ARCE  |b ARCE  |d 2024-05-29  |l 0  |o ( R )DT46 .F8 1818  |p 1033641  |r 2024-05-29 00:00:00  |w 2024-05-29  |y BK 
952 |0 0  |1 0  |2 lcc  |3 V.2 Pt.2 (Etat Moderne,Text)  |4 0  |7 1  |9 65984  |a ARCE  |b ARCE  |d 2024-05-29  |l 0  |o ( R )DT46 .F8 1822  |p 1033642  |r 2024-05-29 00:00:00  |w 2024-05-29  |y BK 
952 |0 0  |1 0  |2 lcc  |3 V.1 (Etat Moderne,Text)  |4 0  |7 1  |9 65985  |a ARCE  |b ARCE  |d 2024-05-29  |l 0  |o ( R )DT46 .F8 1809  |p 1033643  |r 2024-05-29 00:00:00  |w 2024-05-29  |y BK 
952 |0 0  |1 0  |2 lcc  |3 V.2 (Ant, Descriptions)  |4 0  |7 1  |9 65986  |a ARCE  |b ARCE  |d 2024-05-29  |l 0  |o ( R )DT46 .F8 1818  |p 1033644  |r 2024-05-29 00:00:00  |w 2024-05-29  |y BK 
952 |0 0  |1 0  |2 lcc  |3 V.2 (Hist. Naturalle, Text)  |4 0  |7 1  |9 65987  |a ARCE  |b ARCE  |d 2024-05-29  |l 0  |o ( R )DT46 .F8 1813  |p 1033645  |r 2024-05-29 00:00:00  |w 2024-05-29  |y BK 
952 |0 0  |1 0  |2 lcc  |3 V.1 (Ant, Descriptions)  |4 0  |7 1  |9 65988  |a ARCE  |b ARCE  |d 2024-05-29  |l 0  |o ( R )DT46 .F8 1809  |p 1033646  |r 2024-05-29 00:00:00  |w 2024-05-29  |y BK 
952 |0 0  |1 0  |2 lcc  |3 V.1 (Hist. Naturalle, Text)  |4 0  |7 1  |9 65989  |a ARCE  |b ARCE  |d 2024-05-29  |l 0  |o ( R )DT46 .F8 1809  |p 1033647  |r 2024-05-29 00:00:00  |w 2024-05-29  |y BK 
952 |0 0  |1 0  |2 lcc  |3 V.1  |4 0  |7 1  |9 65990  |a ARCE  |b ARCE  |d 2024-05-29  |l 0  |o ( R )DT46 .F8 1809  |p 1033648  |r 2024-05-29 00:00:00  |w 2024-05-29  |y BK 
952 |0 0  |1 0  |2 lcc  |3 V.2  |4 0  |7 1  |9 65991  |a ARCE  |b ARCE  |d 2024-05-29  |l 0  |o ( R )DT46 .F8 1812  |p 1033649  |r 2024-05-29 00:00:00  |w 2024-05-29  |y BK 
952 |0 0  |1 0  |2 lcc  |3 V.3  |4 0  |7 1  |9 65992  |a ARCE  |b ARCE  |d 2024-05-29  |l 0  |o ( R )DT46 .F8 1812  |p 1033650  |r 2024-05-29 00:00:00  |w 2024-05-29  |y BK 
952 |0 0  |1 0  |2 lcc  |3 V.4  |4 0  |7 1  |9 65993  |a ARCE  |b ARCE  |d 2024-05-29  |l 0  |o ( R )DT46 .F8 1817  |p 1027739  |r 2024-05-29 00:00:00  |w 2024-05-29  |y BK 
952 |0 0  |1 0  |2 lcc  |3 V.5  |4 0  |7 1  |9 65994  |a ARCE  |b ARCE  |d 2024-05-29  |l 0  |o ( R )DT46 .F8   |p 1027740  |r 2024-05-29 00:00:00  |w 2024-05-29  |y BK 
952 |0 0  |1 0  |2 lcc  |3 V.1  |4 0  |7 1  |9 65995  |a ARCE  |b ARCE  |d 2024-05-29  |l 0  |o ( R )DT46 .F8 1819  |p 1027741  |r 2024-05-29 00:00:00  |w 2024-05-29  |y BK 
952 |0 0  |1 0  |2 lcc  |3 Preface  |4 0  |7 1  |9 65996  |a ARCE  |b ARCE  |d 2024-05-29  |l 0  |o ( R )DT46 .F8 1818  |p 1027742  |r 2024-05-29 00:00:00  |w 2024-05-29  |y BK 
952 |0 0  |1 0  |2 lcc  |3 V.1 (Hist.Naturelle, Planches)  |4 0  |7 1  |9 65997  |a ARCE  |b ARCE  |d 2024-05-29  |l 0  |o ( R )DT46 .F8 1819  |p 1027743  |r 2024-05-29 00:00:00  |w 2024-05-29  |y BK 
952 |0 0  |1 0  |2 lcc  |3 V.2 (Hist.Naturelle, Planches)  |4 0  |7 1  |9 65998  |a ARCE  |b ARCE  |d 2024-05-29  |l 0  |o ( R )DT46 .F8 1817  |p 1027744  |r 2024-05-29 00:00:00  |w 2024-05-29  |y BK 
952 |0 0  |1 0  |2 lcc  |3 V.2 ,2 (Hist.Naturelle, Planches)  |4 0  |7 1  |9 65999  |a ARCE  |b ARCE  |d 2024-05-29  |l 0  |o ( R )DT46 .F8 1817  |p 1027745  |r 2024-05-29 00:00:00  |w 2024-05-29  |y BK 
952 |0 0  |1 0  |2 lcc  |3 V.5 Preface Et Exp;ication Des Planches  |4 0  |7 1  |9 66000  |a ARCE  |b ARCE  |d 2024-05-29  |l 0  |o ( R )DT46 .F8   |p 1027746  |r 2024-05-29 00:00:00  |w 2024-05-29  |y BK 
952 |0 0  |1 0  |2 lcc  |3 (Carte Topographigue,1)  |4 0  |7 1  |9 66001  |a ARCE  |b ARCE  |d 2024-05-29  |l 0  |o ( R )DT46 .F8   |p 1027747  |r 2024-05-29 00:00:00  |w 2024-05-29  |y BK 
952 |0 0  |1 0  |2 lcc  |3 (Carte Topographigue,2)  |4 0  |7 1  |9 66002  |a ARCE  |b ARCE  |d 2024-05-29  |l 0  |o ( R )DT46 .F8   |p 1027748  |r 2024-05-29 00:00:00  |w 2024-05-29  |y BK 
952 |0 0  |1 0  |2 lcc  |3 (Carte Topographigue,3)  |4 0  |7 1  |9 66003  |a ARCE  |b ARCE  |d 2024-05-29  |l 0  |o ( R )DT46 .F8   |p 1027749  |r 2024-05-29 00:00:00  |w 2024-05-29  |y BK 
999 |c 31126  |d 31126 
010 |a  05002318  
040 |c ARCE Library 
050 0 4 |a ( R )DT46 .F8 1809-22 
110 1 |a France.  |b Commission des sciences et arts d'Egypte. 
245 1 0 |a Description de l'Égypte,  |b ou, Recueil de observations et des recherches qui ont été faites en Égypte pendant l'éxpédition de l'armée française,  |c publié par les ordres de Sa Majesté l'empereur Napoléon le Grand. 
260 |a Paris,  |b Imprimerie impériale,  |c 1809-22. 
300 |a volumes :   |b Illustrations, Maps ;   |c 39-70 cm. 
505 0 |a Antiquitiés: Descriptions, 1809-18, 2 v.; Mémoires, 1809-18, 2 v.; Planches, 1809-22, 5 v.--Histoire naturelle, 1809-12, 2 v. in 3; Planches, 1809-17, 2 v.--Histoire naturelle, 1809-12, 2 v.; Planches, 1809-[ca.26], 2 v. in 3. (Vol. II, pt. 2 has no t.-p.)--Carte topographique. [1818]--Préface et explication des planches (Uniform with the volumes of plates; binder's title only) 
546 |a  In French with transcriptions in Greek, Latin, and Arabic. 
650 0 |a Natural history  |z Egypt. 
650 0 |a Scientific expeditions. 
650 0 |a Music  |z Egypt. 
651 0 |a Egypt.  |x Description and travel 
901 |a reviewed 
942 |2 lcc  |c BK